Satellite Images - Random China Cities - Statistics

General Stats
  • This quiz has been taken 73 times
  • The average score is 6 of 12
Answer Stats
Picture Answer % Correct
Beijing
100%
Chongqing
100%
Dalian
100%
Hongkong
100%
Shanghai
100%
Yantai
100%
Zhengzhou
100%
Macau
86%
Wuhan
86%
Guangzhou
83%
Changsha
80%
Ningbo
80%
Kunming
75%
Shijiazhuang
75%
Taibei
75%
Xian
73%
Baoding
67%
Haikou
67%
Nanjing
67%
Qingdao
67%
Shenzhen
67%
Jinan
63%
Xining
63%
Nanchang
60%
Nantong
60%
Quanzhou
60%
Lhasa
57%
Chengdu
50%
Gaoxiong
50%
Lanzhou
50%
Sanya
50%
Suzhou
50%
Taiyuan
50%
Wenzhou
50%
Xiamen
50%
Yangzhou
50%
Huhehaote
40%
Taizhou
40%
Tianjin
40%
Changchun
33%
Harbin
33%
Dongguan
29%
Shaoxing
29%
Zhanjiang
29%
Guiyang
25%
Hangzhou
25%
Shenyang
25%
Xuzhou
25%
Fuzhou
20%
Hefei
20%
Wuxi
20%
Urumqi
17%
Zhuhai
14%
Changzhou
0%
Foshan
0%
Jiaxing
0%
Nanning
0%
Tangshan
0%
Weifang
0%
Zhongshan
0%
No matching quizzes found
Score Distribution
Percent of People with Each Score
Percentile by Number Answered
Your Score History
You have not taken this quiz